Lautreamont : (Record no. 81740)
[ view plain ]
| 000 -LEADER | |
|---|---|
| fixed length control field | 01082cam1a220027700 4500 |
| 001 - CONTROL NUMBER | |
| control field | lcf00117854 |
| 008 - FIXED-LENGTH DATA ELEMENTS--GENERAL INFORMATION | |
| fixed length control field | 750505s1974 fr b 000 0 fre |
| 010 ## - LIBRARY OF CONGRESS CONTROL NUMBER | |
| LC control number | 75505279 //r84 |
| 015 ## - NATIONAL BIBLIOGRAPHY NUMBER | |
| National bibliography number | F*** |
| 020 ## - INTERNATIONAL STANDARD BOOK NUMBER | |
| International Standard Book Number | 2030350249 |
| 035 ## - SYSTEM CONTROL NUMBER | |
| System control number | (Sirsi) r123618 |
| 035 ## - SYSTEM CONTROL NUMBER | |
| System control number | (DLC) 75505279 //r84 |
| 035 ## - SYSTEM CONTROL NUMBER | |
| System control number | (UPRA)lcf00117854 |
| 050 0# - LIBRARY OF CONGRESS CALL NUMBER | |
| Classification number | PQ2220.D723 |
| Item number | Z62 |
| 082 ## - DEWEY DECIMAL CLASSIFICATION NUMBER | |
| Classification number | 841/.8 |
| 100 1# - MAIN ENTRY--PERSONAL NAME | |
| Personal name | Bouche, Claude. |
| Linkage | A91693.1 |
| 245 10 - TITLE STATEMENT | |
| Title | Lautreamont : |
| Remainder of title | du lieu commun a la parodie / |
| Statement of responsibility, etc. | par Claude Bouche. |
| 260 ## - PUBLICATION, DISTRIBUTION, ETC. | |
| Place of publication, distribution, etc. | Paris : |
| Name of publisher, distributor, etc. | Larousse, |
| Date of publication, distribution, etc. | [1974] |
| 490 0# - SERIES STATEMENT | |
| Series statement | Themes et textes |
| Linkage | S10235.1 |
| 490 0# - SERIES STATEMENT | |
| Series statement | Larousse universite |
| Linkage | S13635.1 |
| 504 ## - BIBLIOGRAPHY, ETC. NOTE | |
| Bibliography, etc. note | Bibliography: p. 251-253. |
| 600 10 - SUBJECT ADDED ENTRY--PERSONAL NAME | |
| Personal name | Lautreamont, comte de, 1846-1870 -- Criticism and interpretation. |
| Titles and other words associated with a name | Lautreamont, comte de, 1846-1870 -- Criticism and interpretation. |
| Dates associated with a name | Lautreamont, comte de, 1846-1870 -- Criticism and interpretation. |
| General subdivision | Lautreamont, comte de, 1846-1870 -- Criticism and interpretation. |
| Linkage | S65651.1 |
| 650 #0 - SUBJECT ADDED ENTRY--TOPICAL TERM | |
| Topical term or geographic name entry element | Parody. |
| Linkage | S65236.1 |
| 949 ## - LOCAL PROCESSING INFORMATION (OCLC) | |
| a | PQ2220.D723 |
| w | lcc |
| i | -177742 |
| m | MAIN |
| t | BOOK |
| l | ON-SHELF |
No items available.